| 000 | 00546nam a2200193 a 4500 | ||
|---|---|---|---|
| 008 | 951123s1972||||[C 0 slo c | ||
| 040 |
_aSNK _bslo _cSNK _eAACR2 |
||
| 041 | 1 |
_aslo _hslo |
|
| 044 |
_axo _cSK |
||
| 080 | _a885.4-3 | ||
| 100 | 1 |
_aLenčo, Ján _4aut |
|
| 245 | 1 | 0 |
_aEgypťanka Nitokris _cJán Lenčo ; Mária Pollaczyková, Martin Kellenberger |
| 260 |
_aBratislava _bSlovenský spisovateľ _eMartin _fTlačiarne SNP _c1972 |
||
| 300 | _c21 cm | ||
| 700 | 1 | _4bkd | |
| 700 | 1 |
_aKellenberger, Martin _4bkd |
|
| 020 | _c11 | ||
| 958 | _aA | ||
| 999 |
_c11976 _d11976 |
||